Nevymýšľať koleso

Franšíza - praxou overený systém a podrobný návod, ako pretaviť zakúpené know-how na zisky. Skrátenie cesty k podnikateľskému úspechu. Fungovanie sendvičového reťazca Subway na Slovensku. Voľná ruka franšízanta v lokálnom marketingu a personálnej organizácii vlastnej prevádzky. Koncept siete realitn...

Descrizione completa

Salvato in:
Dettagli Bibliografici
Autore principale: Legéň, Marek
Natura: Capitolo di libro
Lingua:slovacco
Soggetti:
Tags: Aggiungi Tag
Nessun Tag, puoi essere il primo ad aggiungerne!!

MARC

LEADER 00000naa a2200000 4500
001 0191907
005 20231113101702.5
041 0 |a slo 
044 |a SK 
245 1 0 |a Nevymýšľať koleso  |c Marek Legéň 
520 |a Franšíza - praxou overený systém a podrobný návod, ako pretaviť zakúpené know-how na zisky. Skrátenie cesty k podnikateľskému úspechu. Fungovanie sendvičového reťazca Subway na Slovensku. Voľná ruka franšízanta v lokálnom marketingu a personálnej organizácii vlastnej prevádzky. Koncept siete realitných kancelárií Directreal. Výhody a nevýhody franšízy. 
610 2 0 |a franšíza 
610 2 0 |a know-how 
610 2 0 |a licencie 
610 2 0 |a podnikanie 
100 1 |a Legéň, Marek